[Event "GER-chT U12 Girls"]
[Site "Magdeburg"]
[Date "2023.12.30"]
[Round "7.2"]
[White "Winkler, Frida"]
[Black "Rafikova, Ailin"]
[Result "0-1"]
[WhiteElo "1298"]
[BlackElo "1399"]
[PlyCount "90"]
[EventDate "2023.12.26"]
[EventType "team-swiss"]
[EventRounds "7"]
[EventCountry "GER"]
[SourceTitle "CB03_2024"]
[SourceDate "2024.01.17"]
[SourceVersion "1"]
[SourceVersionDate "2024.01.17"]
[SourceQuality "1"]
[WhiteTeam "Plauen Koenig"]
[BlackTeam "Magdeburg Schachzwerge"]
[WhiteTeamCountry "GER"]
[BlackTeamCountry "GER"]

1. e4 c6 2. d4 d5 3. exd5 cxd5 4. Bd3 Nc6 5. c3 Nf6 6. h3 g6 7. Nf3 Bf5 8. Ne5 Bxd3 9. Nxd3 Bg7 10. 0-0 0-0 11. Bf4 a6 12. Re1 Ne4 13. Nd2 Nd6 14. Nf3 Nc4 15. Nfe5 N6xe5 16. Nxe5 Nxe5 17. Bxe5 Bxe5 18. Rxe5 b5 19. Qe2 e6 20. a4 b4 21. cxb4 Qb6 22. Qd2 Rfb8 23. Re2 Qxb4 24. Qd3 Rc8 25. Rd2 Rc4 26. Kf1 Qa5 27. b3 Rc3 28. Qb1 Rb8 29. Ra3 Qb4 30. Qa1 Rbc8 31. Qa2 Rb8 32. Qa1 Rxh3 33. gxh3 Qxd2 34. Kg2 Qd3 35. Qb2 Rb4 36. a5 Rxd4 37. b4 Qe4+ 38. f3 Qf4 39. Qc3 Qg5+ 40. Kf1 Rd2 41. Ke1 Rh2 42. Qc8+ Kg7 43. Qc3+ e5 44. Qc5 Qd2+ 45. Kf1 Qd1# 0-1

[Event "GER-ch U12 Girls"]
[Site "Willingen"]
[Date "2023.06.01"]
[Round "7"]
[White "Wang, Enya Marie"]
[Black "Rafikova, Ailin"]
[Result "0-1"]
[WhiteElo "1156"]
[BlackElo "1238"]
[PlyCount "92"]
[EventDate "2023.05.27"]
[EventType "swiss"]
[EventRounds "9"]
[EventCountry "GER"]
[SourceTitle "CBM 214 Extra"]
[Source "ChessBase"]
[SourceDate "2023.07.31"]
[SourceVersion "1"]
[SourceVersionDate "2023.07.31"]
[SourceQuality "1"]

1. e4 c6 2. Nf3 d5 3. exd5 cxd5 4. Ne5 Nc6 5. Bb5 Bd7 6. Bxc6 bxc6 7. d4 e6 8. 0-0 Ne7 9. Nd2 Ng6 10. Ndf3 Bd6 11. c3 c5 12. Be3 Rc8 13. Qc2 0-0 14. Rad1 Qc7 15. Nxd7 Qxd7 16. b3 Qc7 17. Rfe1 a5 18. a4 c4 19. Rb1 Rb8 20. bxc4 Qxc4 21. Nd2 Qc7 22. c4 Bxh2+ 23. Kf1 Bf4 24. Bxf4 Nxf4 25. g3 Ng6 26. Qd3 dxc4 27. Nxc4 Rfc8 28. Rec1 Rxb1 29. Qxb1 Ne7 30. Ke2 Qc6 31. Qa1 Qe4+ 32. Ne3 Rd8 33. Qa3 Nf5 34. Rc4 Nxd4+ 35. Ke1 Qh1+ 36. Nf1 Qe4+ 37. Ne3 Nf3+ 38. Ke2 Nd4+ 39. Ke1 Qf3 40. Qb2 Qf6 41. Qb1 Nf3+ 42. Kf1 Nd2+ 43. Kg2 Qf3+ 44. Kh3 Nxb1 45. Ng4 h5 46. Ne5 Qh1# 0-1

[Event "GER-ch U12 Girls"]
[Site "Willingen"]
[Date "2022.06.08"]
[Round "5"]
[White "Zhou, Jenny"]
[Black "Rafikova, Ailin"]
[Result "1/2-1/2"]
[WhiteElo "1272"]
[BlackElo "1273"]
[PlyCount "50"]
[EventDate "2022.06.04"]
[EventType "swiss"]
[EventRounds "9"]
[EventCountry "GER"]
[SourceTitle "CBM 208 Extra"]
[Source "ChessBase"]
[SourceDate "2022.07.31"]
[SourceVersion "1"]
[SourceVersionDate "2022.07.31"]
[SourceQuality "1"]

1. e4 c6 2. d4 d5 3. e5 Bf5 4. Nf3 e6 5. Be2 Ne7 6. 0-0 Ng6 7. Be3 Nd7 8. Nbd2 Be7 9. c4 0-0 10. Qb3 Rb8 11. Bd3 Bxd3 12. Qxd3 a6 13. Rac1 Qb6 14. c5 Qc7 15. Rfe1 f6 16. exf6 Bxf6 17. Bg5 e5 18. Qb3 Kh8 19. Bxf6 Rxf6 20. Nf1 e4 21. Ng5 Qf4 22. Nh3 Qg4 23. Ng3 Nh4 24. Kh1 Rbf8 25. Qxb7 Nf3 1/2-1/2